Minecraft Mobs Quiz - Nether - Statistics

General Stats
  • This quiz has been taken 29 times
  • The average score is 9 of 11
Answer Stats
Answer % Correct
Blaze
96%
Ghast
92%
Piglin
92%
Wither Skeleton
92%
Magma Cube
80%
Strider
80%
Hoglin
76%
Skeleton
72%
Piglin Brute
68%
Enderman
64%
Zombified Piglin
60%
No matching quizzes found
Score Distribution
Percent of People with Each Score
Percentile by Number Answered
Your Score History
You have not taken this quiz